El libro negro de los colores.
Gespeichert in:
| 1. Verfasser: | |
|---|---|
| Weitere Verfasser: | |
| Format: | Unbekannt |
| Sprache: | Englisch |
| Veröffentlicht: |
Barcelona, España:
Libros del Zorro Rojo,
2008.
|
| Ausgabe: | Primera edición, quinta reimpresión. |
| Schlagworte: | |
| Tags: |
Tag hinzufügen
Keine Tags, Fügen Sie den ersten Tag hinzu!
|
MARC
| LEADER | 00000 a2200000 4500 | ||
|---|---|---|---|
| 003 | CL-VaPUC | ||
| 005 | 20230606084902.0 | ||
| 008 | 230531t2008 ||||| |||| 00| 0 eng d | ||
| 999 | |c 440822 |d 440820 | ||
| 020 | |a 978-84-92412-19-8 | ||
| 040 | |c Pontificia Universidad Católica de Valparaíso | ||
| 082 | |2 22 |a Ve863 COT 2008 | ||
| 100 | |a Cottin, Menena |9 882162 |e autora | ||
| 245 | |a El libro negro de los colores. | ||
| 250 | |a Primera edición, quinta reimpresión. |b Edición en sistema braille e impresa. | ||
| 260 | |a Barcelona, España: |b Libros del Zorro Rojo, |c 2008. | ||
| 300 | |a [28] páginas: ilustraciones y texto en braille. | ||
| 583 | |k GC |c 20230531 | ||
| 650 | 0 | |9 307465 |a Literatura infantil |v Sistema braille |x Colores |x Personas no videntes | |
| 650 | 0 | |9 348916 |a Literatura venezolana |x Cuentos infantiles |v Sistema braille |x Colores |x Enseñanza y aprendizaje para ciegos | |
| 700 | |9 882696 |a Faría, Rosana |e autora | ||
| 942 | |2 ddc |c BK | ||
| 952 | |0 0 |1 0 |2 ddc |4 0 |6 VE_863_000000000000000_COT_2008 |7 0 |8 A |9 590171 |a BIBEDU |b BIBEDU |c GEN |d 2023-05-25 |e 26 |g 173678.00 |i 5657520 |l 10 |o Ve863 COT 2008 |p 5657520 |r 2024-11-28 |s 2024-11-28 |t 1 |v 173678.00 |w 2023-05-25 |y BK |k LIT | ||